| Tag |
First Indicator |
Second Indicator |
Subfields |
| LEADER |
00000cam a2200000 4500 |
| 001 |
in00000068452 |
| 005 |
20151008052008.0 |
| 008 |
730117s1915 nyu 00000 eng |
| 010 |
|
|
|a 15023037
|
| 035 |
|
|
|a (OCoLC)00541567
|
| 035 |
|
|
|9 AAH1129AM
|
| 037 |
|
|
|c $1.00
|
| 040 |
|
|
|c KSU
|d TXA
|d UtOrBLW
|
| 049 |
|
|
|a TXAM
|c [12687]
|
| 050 |
0 |
0 |
|a HB195
|b .T3
|
| 090 |
|
|
|a HB195
|b .T3 1915
|
| 092 |
|
|
|a 330.1
|b T228i
|
| 100 |
1 |
|
|a Taussig, F. W.
|q (Frank William),
|d 1859-1940.
|
| 245 |
1 |
0 |
|a Inventors and money-makers ;
|b lectures on some relations between economics and psychology delivered at Brown university in connection with the celebration of the 150th anniversary of the foundation of the university /
|c by F. W. Taussig.
|
| 264 |
|
1 |
|a New York :
|b The Macmillan company,
|c 1915.
|
| 300 |
|
|
|a 138 pages ;
|c 20 cm.
|
| 336 |
|
|
|a text
|b txt
|2 rdacontent
|
| 337 |
|
|
|a unmediated
|b n
|2 rdamedia
|
| 338 |
|
|
|a volume
|b nc
|2 rdacarrier
|
| 650 |
|
0 |
|a Economics.
|
| 650 |
|
0 |
|a Instinct.
|
| 999 |
|
|
|a MARS
|
| 999 |
f |
f |
|s 04411fe9-80bf-3cfe-9843-6cbfac3952aa
|i 91cb41b7-9e13-33e3-a342-919fefd5156b
|t 0
|
| 952 |
f |
f |
|p ric
|a Texas A&M University
|b Rellis Campus
|c Joint Library Facility
|d Remote Storage
|t 0
|e HB195 .T3 1915
|h Library of Congress classification
|i unmediated -- volume
|m A14800692676
|
| 998 |
f |
f |
|a HB195 .T3 1915
|t 0
|l Remote Storage
|